000 00506cam a2200169ua 4500
020 _c77.50
041 _aeng
_h
082 _a592
_bHYM/IN
100 _aHyman, Libbie Henrietla .
245 _aInvertebrates:Acanthosephala, ashelminthes and Entoprocta the pseudocoelomate bilateria, vol-3 /
_cLibbie henrietla hyman.
_hTextual Documents
260 _aNew York :
_bMcGraw Hill Book Company ,
_c1951.
300 _a572 ; .
365 _a77.50
504 _a
942 _cBK
999 _c7404
_d7404